|
|
|
|
| LEADER |
00000cam a2200000 a 4500 |
| 001 |
UCG9703 |
| 003 |
CL-VaPUC |
| 008 |
120330e19970000SP |||||||||||||||||spa|d |
| 020 |
|
|
|a 8430929827
|
| 082 |
0 |
4 |
|a 346.02
|b BAL
|2 21
|
| 100 |
0 |
|
|a Ballarín Hernández, Rafael
|e author
|9 561338
|
| 700 |
0 |
|
|a Carbonell Serrano, Vicente
|e author
|9 561339
|
| 700 |
0 |
|
|a Marín García de Leonardo, María Teresa
|e author
|9 561340
|
| 700 |
0 |
|
|a Mas Badía, María Dolores
|e author
|9 561341
|
| 245 |
1 |
0 |
|a Contratos y cuasicontratos: casos y cuestiones
|
| 300 |
|
|
|a 217 p
|
| 942 |
|
|
|c BK
|
| 945 |
|
|
|d 20120330 00:00:00
|a dcastane
|
| 260 |
|
|
|a Madrid
|b Tecnos
|c 1997
|
| 650 |
|
0 |
|a Contratos
|9 255153
|
| 650 |
|
7 |
|a COMPRAVENTAS
|2 CL-VaPUC
|9 402063
|
| 650 |
|
7 |
|a PRESTAMOS
|2 CL-VaPUC
|9 359045
|
| 650 |
|
0 |
|a Sociedad civil
|9 259053
|
| 583 |
|
|
|a last modification
|c 20120330 10:33:00
|k Rodrigo Vera
|
| 999 |
|
|
|c 347249
|d 347247
|
| 952 |
|
|
|0 0
|1 0
|4 0
|6 346_020000000000000_BAL_1997
|7 0
|8 A
|9 448482
|a BIBDER
|b BIBDER
|d 2019-11-22
|i 4840860
|o 346.02 BAL 1997
|p 4840860
|r 2023-01-25
|w 2019-11-22
|y BK
|k DER
|